000
00331nam a22001337a 4500
008
170926b xxu||||| |||| 00| 0 eng d
020
_a
9780312295370
041
_a
eng
080
_a
37
100
_a
46
101
_a
EDU
245
_a
NEW FACULTY A PRACTICAL GUIDE FOR ACADEMIC BEGINNERS
_c
MURRY.J.W
942
_2
udc
_c
BK
999
_c
29942
_d
29942